书目信息 |
| 题名: |
中兽医古籍选读
|
|
| 作者: | 河北省定县中兽医学校 编 | |
| 分册: | 中兽医专业用 | |
| 出版信息: | 北京 农业出版社 1961 |
|
| 页数: | 137页 | |
| 开本: | 20cm | |
| 丛书名: | ||
| 单 册: | ||
| 中图分类: | S853 | |
| 科图分类: | ||
| 主题词: | 兽医学 | |
| 电子资源: | ||
| ISBN: | ||
| 000 | 00720nam0 2200217 450 | |
| 001 | 0639964321 | |
| 005 | 20060813110927.06 | |
| 010 | @dCNY0.38 | |
| 091 | @aK16144.1229 | |
| 100 | @a20060813d1961 km y0chiy0120 ea | |
| 101 | 0 | @achi |
| 200 | 1 | @a中兽医古籍选读@Azhong shou yi gu ji xuan du@i中兽医专业用@f河北省定县中兽医学校 编@Fhe bei sheng ding xian zhong shou yi xue xiao bian |
| 210 | @a北京@c农业出版社@d1961 | |
| 215 | @a137页@d20cm | |
| 300 | @a中等农业学校教学参考书 | |
| 517 | 1 | @a中兽医专业用@Azhong shou yi zhuan ye yong |
| 606 | 0 | @a兽医学 |
| 690 | @aS853@v3 | |
| 701 | 0 | @a河北省定县中兽医学校@Ahe bei sheng ding xian zhong shou yi xue xiao@4编 |
| 801 | 0 | @aCN@bPFT@c20060813 |
| 905 | @a10447@dS853@e41 | |
| 中兽医古籍选读.中兽医专业用/河北省定县中兽医学校 编.-北京:农业出版社,1961 |
| 137页;20cm |
| 中等农业学校教学参考书 |
| ISBN :CNY0.38 |
| ● |
| 相关链接 |
|
|
|
|
正题名:中兽医古籍选读
索取号:S853/41
 
预约/预借
| 序号 | 登录号 | 条形码 | 馆藏地/架位号 | 状态 | 备注 |
| 1 | 0452547 | 204525479 | 密集书库/ [索取号:S853/41] | 在馆 |